[Event "SF Greven 1-SK Dülmen 1"]
[Site "?"]
[Date "2023.09.23"]
[Round "1.1"]
[White "Grund, Wolfgang"]
[Black "Wenning, Niels"]
[Result "1/2-1/2"]
[WhiteElo "1879"]
[BlackElo "1938"]
[PlyCount "102"]
[EventDate "2023.??.??"]
[SourceTitle "Verband Muensterland"]
[SourceDate "2023.10.23"]
[SourceVersion "1"]
[SourceVersionDate "2023.10.23"]
[SourceQuality "1"]
[WhiteTeam "Duelmen"]
[BlackTeam "Greven"]
[WhiteTeamCountry "GER"]
[BlackTeamCountry "GER"]

1. e4 e5 2. Nf3 Nc6 3. Bc4 Nf6 4. Ng5 d5 5. exd5 Na5 6. Bb5+ c6 7. dxc6 bxc6 8.
Be2 h6 9. Nf3 e4 10. Ne5 Bc5 11. d3 Qd4 12. Be3 Qxb2 13. Bxc5 Qxa1 14. d4 Rb8
15. O-O Qxa2 16. Na3 Qe6 17. Qd2 Nb7 18. Nxc6 Ra8 19. Bc4 Qf5 20. Nb5 Qg5 21.
Qxg5 hxg5 22. Nc7+ Kd7 23. Nxa8 Kxc6 24. Bxa7 Nd6 25. Nb6 Bg4 26. h3 Nxc4 27.
Nxc4 Be6 28. Ne5+ Kb7 29. Bc5 g4 30. Rb1+ Kc7 31. hxg4 Nxg4 32. Nxg4 Bxg4 33.
c4 Be2 34. Rb4 Ra8 35. Be7 Ra1+ 36. Kh2 Rc1 37. c5 Rd1 38. d5 Rxd5 39. Rxe4 Bb5
40. Bd6+ Kc6 41. g4 Rg5 42. Rf4 g6 43. Rxf7 Rxg4 44. Kh3 Rg5 45. Rf6 Kd5 46.
Be7 Bd7+ 47. Kh2 Rh5+ 48. Kg3 Rg5+ 49. Kh2 Rh5+ 50. Kg3 Rg5+ 51. Kh2 Rh5+
1/2-1/2

[Event "SF Greven 1-SK Dülmen 1"]
[Site "?"]
[Date "2023.09.23"]
[Round "1.2"]
[White "Kecker, Lars"]
[Black "Loedding, Detlef"]
[Result "1/2-1/2"]
[WhiteElo "1585"]
[BlackElo "1956"]
[PlyCount "139"]
[EventDate "2023.??.??"]
[SourceTitle "Verband Muensterland"]
[SourceDate "2023.10.23"]
[SourceVersion "1"]
[SourceVersionDate "2023.10.23"]
[SourceQuality "1"]
[WhiteTeam "Greven"]
[BlackTeam "Duelmen"]
[WhiteTeamCountry "GER"]
[BlackTeamCountry "GER"]

1. d4 Nf6 2. Bf4 b6 3. Nf3 Bb7 4. c4 e6 5. Nc3 Bb4 6. a3 Bxc3+ 7. bxc3 O-O 8.
e3 d6 9. Be2 h6 10. h3 Nc6 11. O-O Na5 12. Qc2 Ba6 13. Nd2 Qe7 14. Rfe1 Rac8
15. Rad1 c5 16. Qa4 cxd4 17. cxd4 d5 18. c5 Bxe2 19. Rxe2 Qd7 20. Qb4 Nc6 21.
Qc3 bxc5 22. Qxc5 Ne5 23. Qa5 Nc4 24. Qa6 Rc6 25. Qb5 Nxa3 26. Qb3 Nc4 27. Ra1
Rfc8 28. Nxc4 dxc4 29. Qa3 a6 30. Rc2 Nd5 31. Bg3 f5 32. f3 c3 33. Bf2 Qd6 34.
Qxd6 Rxd6 35. Be1 Nxe3 36. Rxc3 Rxc3 37. Bxc3 Nd5 38. Bd2 Rc6 39. Ra2 Kf7 40.
Kf2 f4 41. g3 fxg3+ 42. Kxg3 Kf6 43. Bf4 g5 44. Be5+ Kf5 45. h4 Nb4 46. Ra5 Nd5
47. hxg5 hxg5 48. Ra3 Kg6 49. Kg4 Nc3 50. f4 gxf4 51. Kxf4 Nd5+ 52. Ke4 Rc3 53.
Rxc3 Nxc3+ 54. Kf4 a5 55. Bd6 Nb5 56. Bc5 Kf6 57. Ke4 a4 58. Kd3 a3 59. Kc2 Kf5
60. Kb3 Ke4 61. Bb6 Nxd4+ 62. Kxa3 Kd3 63. Kb2 e5 64. Kc1 e4 65. Kd1 e3 66.
Bxd4 Kxd4 67. Ke1 Ke5 68. Kd1 Kd4 69. Ke1 Kd5 70. Kd1 1/2-1/2

[Event "SF Greven 1-SK Dülmen 1"]
[Site "?"]
[Date "2023.09.23"]
[Round "1.3"]
[White "Rebber, Christian"]
[Black "Nadan, Nikolas"]
[Result "1-0"]
[WhiteElo "2043"]
[BlackElo "1641"]
[PlyCount "41"]
[EventDate "2023.??.??"]
[SourceTitle "Verband Muensterland"]
[SourceDate "2023.10.23"]
[SourceVersion "1"]
[SourceVersionDate "2023.10.23"]
[SourceQuality "1"]
[WhiteTeam "Duelmen"]
[BlackTeam "Greven"]
[WhiteTeamCountry "GER"]
[BlackTeamCountry "GER"]

1. b4 e5 2. Bb2 e4 3. c4 Nf6 4. b5 d5 5. e3 c5 6. cxd5 Nxd5 7. Nc3 Nxc3 8. Bxc3
Qg5 9. Qc2 Bf5 10. h4 Qg4 11. g3 Bd6 12. Be2 Qg6 13. h5 Qg5 14. h6 f6 15. Rh5
Qg6 16. hxg7 Rg8 17. Qb3 Rxg7 18. Qd5 Bxg3 19. O-O-O Bxf2 20. Rxf5 Bxg1 21. Bh5
1-0

[Event "SF Greven 1-SK Dülmen 1"]
[Site "?"]
[Date "2023.09.23"]
[Round "1.4"]
[White "Schaefertoens, Robert"]
[Black "Gehlen, Horst"]
[Result "1/2-1/2"]
[WhiteElo "1764"]
[BlackElo "1805"]
[PlyCount "29"]
[EventDate "2023.??.??"]
[SourceTitle "Verband Muensterland"]
[SourceDate "2023.10.23"]
[SourceVersion "1"]
[SourceVersionDate "2023.10.23"]
[SourceQuality "1"]
[WhiteTeam "Greven"]
[BlackTeam "Duelmen"]
[WhiteTeamCountry "GER"]
[BlackTeamCountry "GER"]

1. Nf3 Nf6 2. d4 d5 3. Bf4 c5 4. c3 Qb6 5. Qb3 c4 6. Qxb6 axb6 7. Bxb8 Rxb8 8.
Nbd2 Bf5 9. g3 e6 10. Bg2 h6 11. O-O Bd6 12. Rfe1 O-O 13. Ne5 Rfd8 14. e4 Nxe4
15. Nxe4 1/2-1/2

[Event "SF Greven 1-SK Dülmen 1"]
[Site "?"]
[Date "2023.09.23"]
[Round "1.5"]
[White "Dieckerhoff, Stefan"]
[Black "Volk, Hans Ludwig"]
[Result "0-1"]
[WhiteElo "1608"]
[BlackElo "1710"]
[PlyCount "52"]
[EventDate "2023.??.??"]
[SourceTitle "Verband Muensterland"]
[SourceDate "2023.10.23"]
[SourceVersion "1"]
[SourceVersionDate "2023.10.23"]
[SourceQuality "1"]
[WhiteTeam "Duelmen"]
[BlackTeam "Greven"]
[WhiteTeamCountry "GER"]
[BlackTeamCountry "GER"]

1. Nf3 f5 2. g3 Nf6 3. Bg2 e6 4. d3 Be7 5. O-O O-O 6. b3 d5 7. Bb2 c5 8. Ne5
Nc6 9. Nxc6 bxc6 10. Nd2 Qc7 11. e4 fxe4 12. dxe4 Ba6 13. Re1 Rab8 14. f4 c4
15. Kh1 Rbd8 16. e5 Ne8 17. Qg4 Qc8 18. bxc4 Nc7 19. cxd5 cxd5 20. Nf3 Rde8 21.
Nd4 Bc5 22. a4 Qb8 23. Rab1 Qb4 24. Ba1 Qxa4 25. Nxe6 Rxe6 26. f5 Qxg4 0-1

[Event "SF Greven 1-SK Dülmen 1"]
[Site "?"]
[Date "2023.09.23"]
[Round "1.6"]
[White "Kuestermann, Dieter"]
[Black "Wilms, Gerwin"]
[Result "1-0"]
[WhiteElo "1725"]
[BlackElo "1616"]
[PlyCount "35"]
[EventDate "2023.??.??"]
[SourceTitle "Verband Muensterland"]
[SourceDate "2023.10.23"]
[SourceVersion "1"]
[SourceVersionDate "2023.10.23"]
[SourceQuality "1"]
[WhiteTeam "Greven"]
[BlackTeam "Duelmen"]
[WhiteTeamCountry "GER"]
[BlackTeamCountry "GER"]

1. e4 e6 2. d4 d5 3. e5 c5 4. c3 Qb6 5. f4 Be7 6. Nf3 cxd4 7. cxd4 Bb4+ 8. Nc3
Qc7 9. Bd2 Ne7 10. Bd3 O-O 11. O-O Bxc3 12. bxc3 Nbc6 13. Bxh7+ Kxh7 14. Ng5+
Kg6 15. Qg4 f5 16. exf6 e5 17. Ne6+ Kf7 18. Nxc7 1-0

[Event "SF Greven 1-SK Dülmen 1"]
[Site "?"]
[Date "2023.09.23"]
[Round "1.7"]
[White "Krimphove, Martin"]
[Black "Toews, Andreas"]
[Result "0-1"]
[WhiteElo "1621"]
[BlackElo "1622"]
[PlyCount "82"]
[EventDate "2023.??.??"]
[SourceTitle "Verband Muensterland"]
[SourceDate "2023.10.23"]
[SourceVersion "1"]
[SourceVersionDate "2023.10.23"]
[SourceQuality "1"]
[WhiteTeam "Duelmen"]
[BlackTeam "Greven"]
[WhiteTeamCountry "GER"]
[BlackTeamCountry "GER"]

1. d4 Nf6 2. Nf3 d5 3. Bg5 e6 4. e3 Be7 5. Bd3 h6 6. Bh4 O-O 7. Nbd2 Nbd7 8.
O-O b6 9. c3 a5 10. Bc2 Bb7 11. Ne5 Nxe5 12. dxe5 Nd7 13. Bxe7 Qxe7 14. f4 f5
15. Qh5 Qf7 16. Qh3 Ba6 17. Rf2 Nc5 18. g4 fxg4 19. Qxg4 Bd3 20. Nb3 Bxc2 21.
Rxc2 Nxb3 22. axb3 Qe7 23. Rg2 Kh8 24. Kh1 Rf5 25. Rag1 Rg8 26. Qg6 Qf7 27.
Qxf7 Rxf7 28. Rg6 Re7 29. Kg2 Kh7 30. Kf3 Rf8 31. Ke2 c6 32. Kd3 Rf5 33. h4 Rh5
34. R6g4 Rf5 35. Kd4 Rff7 36. Rg6 Rf5 37. R1g2 Rff7 38. e4 Rxf4 39. R6g4 Ref7
40. Rg6 Rxe4+ 41. Kd3 Re7 0-1

[Event "SF Greven 1-SK Dülmen 1"]
[Site "?"]
[Date "2023.09.23"]
[Round "1.8"]
[White "Soppe, Peter"]
[Black "Knierim, Gerd"]
[Result "0-1"]
[WhiteElo "1451"]
[BlackElo "1678"]
[PlyCount "92"]
[EventDate "2023.??.??"]
[SourceTitle "Verband Muensterland"]
[SourceDate "2023.10.23"]
[SourceVersion "1"]
[SourceVersionDate "2023.10.23"]
[SourceQuality "1"]
[WhiteTeam "Greven"]
[BlackTeam "Duelmen"]
[WhiteTeamCountry "GER"]
[BlackTeamCountry "GER"]

1. c4 Nf6 2. d4 c5 3. Nf3 cxd4 4. Nxd4 e5 5. Nf3 e4 6. Nd4 d5 7. e3 Be7 8. Nc3
dxc4 9. Bxc4 O-O 10. O-O Re8 11. Qb3 Rf8 12. Nd5 Nbd7 13. Rd1 Nc5 14. Nxf6+
Bxf6 15. Qc2 Qe7 16. b4 Na6 17. Bxa6 bxa6 18. a4 Bg4 19. Rd2 Rfc8 20. Qb1 Rc4
21. Ba3 Rac8 22. h3 Bh5 23. Raa2 Bxd4 24. Rxd4 Rxd4 25. exd4 e3 26. Qf5 Re8 27.
fxe3 Qxe3+ 28. Qf2 Qd3 29. Qd2 Qb1+ 30. Bc1 Rc8 31. Kh2 Qxc1 32. d5 Qxd2 33.
Rxd2 Rd8 34. Kg3 f6 35. Kf4 Bf7 36. d6 Be6 37. h4 Kf7 38. b5 axb5 39. axb5 Rd7
40. Rd4 Rb7 41. g3 Ke8 42. Ra4 Kd7 43. Ra6 Bc4 44. Rc6 Bxb5 45. Rc7+ Rxc7 46.
dxc7 Kxc7 0-1